Romániai magyar irodalom (1970-1990)
Elmentve itt :
| Szerző: | |
|---|---|
| Adatforrás: | Meister |
| Forrásdokumentuma: | Látó. - 3 sz., 1991, 347-356 p. |
| Nyelv: | magyar |
| Kulcsszavak: | irodalomtörténet sajtó politikai intézmények szakmai intézmények magyar irodalom (romániai) irodalomkritika irodalom & politika kettős kötődés magyarok (romániai) kisebbségi kérdés Románia Magyarország Debrecen CEAUSESCU Nicolae BALOGH Edgár ILLÉS Lajos CZINE Mihály DARVAS József BRETTER György SORBAN Raul Utunk Magyar Írószövetség És Kortárs Romániai Írószövetség (USR) Előre Román Kommunista Párt (PCR) Debreceni Irodalmi Napok |
| LEADER | 01221nab a2200445 i 4500 | ||
|---|---|---|---|
| 001 | bibPRO00010007 | ||
| 008 | 060524s1991 xx hun | ||
| 040 | |a Sz1 | ||
| 041 | |a hun | ||
| 100 | 1 | |a ÁGOSTON Vilmos | |
| 245 | 1 | 0 | |a Romániai magyar irodalom (1970-1990) |c ÁGOSTON Vilmos |
| 695 | |a irodalomtörténet | ||
| 695 | |a sajtó | ||
| 695 | |a politikai intézmények | ||
| 695 | |a szakmai intézmények | ||
| 695 | |a magyar irodalom (romániai) | ||
| 695 | |a irodalomkritika | ||
| 695 | |a irodalom & politika | ||
| 695 | |a kettős kötődés | ||
| 695 | |a magyarok (romániai) | ||
| 695 | |a kisebbségi kérdés | ||
| 695 | |a Románia | ||
| 695 | |a Magyarország | ||
| 695 | |a Debrecen | ||
| 695 | |a CEAUSESCU Nicolae | ||
| 695 | |a BALOGH Edgár | ||
| 695 | |a ILLÉS Lajos | ||
| 695 | |a CZINE Mihály | ||
| 695 | |a DARVAS József | ||
| 695 | |a BRETTER György | ||
| 695 | |a SORBAN Raul | ||
| 695 | |a Utunk | ||
| 695 | |a Magyar Írószövetség | ||
| 695 | |a És | ||
| 695 | |a Kortárs | ||
| 695 | |a Romániai Írószövetség (USR) | ||
| 695 | |a Előre | ||
| 695 | |a Román Kommunista Párt (PCR) | ||
| 695 | |a Debreceni Irodalmi Napok | ||
| 773 | 0 | |t Látó. - |g 3 sz., 1991, 347-356 p. | |